000 00880 aa a2200241 4500
005 20120612143553.0
010 _a
020 _c60.00
_a
035 _aA-725030
037 _bpub
082 _a615.53
100 _aदीक्षित, राजेश
_948893
245 _aहोम्योपैथी परिवार चिकित्सा /
_cराजेश दीक्षित
246 _a
_b
250 _a
260 _aमथुरा
_bभाषा भवन
_c1995
270 _a
_b
_e
300 _a352पृ
_c22 सेमी (सजिल्द)
490 _a
_948894
700 _a
_948865
942 _adpl
_cHN
_k
_2ddc
_h615.53
_mदीक्षित
999 _c67828
_d67828